Ciencia y sociedad : (Record no. 92733)

MARC details
000 -LEADER
campo de control de longitud fija 00953nam a2200229 i 4500
001 - NÚMERO DE CONTROL
campo de control 92733
003 - IDENTIFICADOR DE NÚMERO DE CONTROL
campo de control ES-MaACL
005 - FECHA Y HORA DE LA ÚLTIMA TRANSACCIÓN
campo de control 20230906181039.0
007 - CAMPO FIJO DE DESCRIPCIÓN FÍSICA--INFORMACIÓN GENERAL
campo de control de longitud fija t|
008 - DATOS DE LONGITUD FIJA--INFORMACIÓN GENERAL
campo de control de longitud fija 050421s1998 sp ||||1| spa d
020 ## - NÚMERO INTERNACIONAL ESTÁNDAR DEL LIBRO
Número Internacional Estándar del Libro 84-89770-10-7
080 ## - NÚMERO DE LA CLASIFICACIÓN DECIMAL UNIVERSAL
Número de la Clasificación Decimal Universal 001"19"
245 00 - MENCIÓN DEL TÍTULO
Título Ciencia y sociedad :
Resto del título desafíos del conocimiento ante el tercer milenio /
Mención de responsabilidad, etc. coordinadores, Francisco Mora Teruel, José Mª Segovia de Arana.
260 ## - PUBLICACIÓN, DISTRIBUCIÓN, ETC.
Lugar de publicación, distribución, etc. [Madrid] :
Nombre del editor, distribuidor, etc. Fundación Central Hispano ;
Lugar de publicación, distribución, etc. Oviedo :
Nombre del editor, distribuidor, etc. Nobel,
Fecha de publicación, distribución, etc. [1998]
300 ## - DESCRIPCIÓN FÍSICA
Extensión 381 p. :
Otras características físicas il. ;
Dimensiones 25 cm.
594 ## - Nota al título y mención de responsabilidad
Nota al título y mención de responsabilidad Recoge los textos de las conferencias pronunciadas en el ciclo Ciencia y Sociedad, organizado por la Fundación Central Hispano, celebrado en Madrid entre enero y junio de 1997.
650 #4 - PUNTO DE ACCESO ADICIONAL DE MATERIA--TÉRMINO DE MATERIA
Término de materia o nombre geográfico como elemento de entrada Ciencia-
Subdivisión cronológica S.XX.
9 (RLIN) 10964
700 1# - ENTRADA AGREGADA--NOMBRE PERSONAL
Nombre de persona Mora Teruel, Francisco.
9 (RLIN) 82890
700 1# - ENTRADA AGREGADA--NOMBRE PERSONAL
Nombre de persona Segovia de Arana, José María.
9 (RLIN) 105155
710 2# - ENTRADA AGREGADA--NOMBRE DE ENTIDAD CORPORATIVA
Nombre de entidad corporativa o nombre de jurisdicción como elemento de entrada Fundación Central Hispano.
9 (RLIN) 4249
852 4# - LOCALIZACIÓN
Ubicación ES-MaACL
Número de control de estantería E-11037
Holdings
Estatus retirado Estado de pérdida Estado de daño No para préstamo Biblioteca de origen Biblioteca actual Ubicación en estantería Fecha de adquisición Fuente de adquisición Total de préstamos Signatura topográfica completa Código de barras Visto por última vez Precio de reemplazo Tipo de ítem Koha
        Biblioteca del Ateneo de Madrid Biblioteca del Ateneo de Madrid Depósito 2 17/01/2008     E-11037 1096807 23/02/2023 23/02/2023 Libro impreso